| 000 -LEADER |
| fixed length control field |
01399cam a2200313 a 4500 |
| 001 - CONTROL NUMBER |
| control field |
16214078 |
| 005 - DATE AND TIME OF LATEST TRANSACTION |
| control field |
20170204145205.0 |
| 008 - FIXED-LENGTH DATA ELEMENTS--GENERAL INFORMATION |
| fixed length control field |
100503s2010 maua 000 0 eng |
| 010 ## - LIBRARY OF CONGRESS CONTROL NUMBER |
| LC control number |
2010018782 |
| 020 ## - INTERNATIONAL STANDARD BOOK NUMBER |
| International Standard Book Number |
9781584659068 (cloth : alk. paper) |
| 020 ## - INTERNATIONAL STANDARD BOOK NUMBER |
| International Standard Book Number |
1584659068 (cloth : alk. paper) |
| 035 ## - SYSTEM CONTROL NUMBER |
| System control number |
(OCoLC)ocn607986492 |
| 040 ## - CATALOGING SOURCE |
| Original cataloging agency |
DLC |
| Transcribing agency |
DLC |
| Modifying agency |
YDX |
| -- |
BTCTA |
| -- |
YDXCP |
| -- |
BWX |
| -- |
CDX |
| -- |
VP@ |
| -- |
DLC |
| 043 ## - GEOGRAPHIC AREA CODE |
| Geographic area code |
n-us--- |
| 050 00 - LIBRARY OF CONGRESS CALL NUMBER |
| Classification number |
NX765 |
| Item number |
.K35 2010 |
| 100 1# - MAIN ENTRY--PERSONAL NAME |
| Personal name |
Kaiser, Michael M., |
| Dates associated with a name |
1953- |
| 245 10 - TITLE STATEMENT |
| Title |
Leading roles : |
| Remainder of title |
50 questions every arts board should ask / |
| Statement of responsibility, etc. |
Michael M. Kaiser. |
| 246 30 - VARYING FORM OF TITLE |
| Title proper/short title |
50 questions every arts board should ask |
| 246 3# - VARYING FORM OF TITLE |
| Title proper/short title |
Fifty questions every arts board should ask |
| 250 ## - EDITION STATEMENT |
| Edition statement |
1st ed. |
| 260 ## - PUBLICATION, DISTRIBUTION, ETC. (IMPRINT) |
| Place of publication, distribution, etc. |
Waltham, Mass. : |
| Name of publisher, distributor, etc. |
Brandeis University Press ; |
| Place of publication, distribution, etc. |
Hanover [N.H.] : |
| Name of publisher, distributor, etc. |
Published by University Press of New England, |
| Date of publication, distribution, etc. |
c2010. |
| 300 ## - PHYSICAL DESCRIPTION |
| Extent |
xviii, 130 p. : |
| Other physical details |
ill. ; |
| Dimensions |
24 cm. |
| 650 #0 - SUBJECT ADDED ENTRY--TOPICAL TERM |
| Topical term or geographic name as entry element |
Arts boards |
| Geographic subdivision |
United States. |
| 650 #0 - SUBJECT ADDED ENTRY--TOPICAL TERM |
| Topical term or geographic name as entry element |
Arts |
| Geographic subdivision |
United States |
| General subdivision |
Management. |
| 942 ## - ADDED ENTRY ELEMENTS (KOHA) |
| Source of classification or shelving scheme |
|
| Koha item type |
Hard Covered Materials |
| Classification part |
NX765 .K35 2010 |